000
00305nam a22001337a 4500
008
170905b xxu||||| |||| 00| 0 eng d
020
_a
2900495095803
041
_a
eng
080
_2
12 ED
_a
070
100
_a
40
101
_a
MED
245
_a
LOOKING OUT LOOKING IN
_c
ADLER.R.B
942
_2
udc
_c
BK
999
_c
26202
_d
26202